000 00359 a2200169 4500
001 70115
020 _a8532252036
040 _cAnchieta - Itaigara
100 _aMachado, Ana Maria
240 1 0 _aO veado e a onça
_lpor
245 1 0 _aO veado e a onça
300 _a29
362 0 _a2004
440 1 _aFTD
650 4 _aLiteratura infantil
942 _cBK
999 _c70115
_d70115